| 000 | 00422nam a2200157Ia 4500 | ||
|---|---|---|---|
| 008 | 231217s9999 xx 000 0 und d | ||
| 041 | _aEnglish | ||
| 082 | _a001.642 SIL;6 | ||
| 100 | _aSilberschatz, Abraham. Galvin, Peter Baer. | ||
| 245 | 0 | _aOperating system concepts | |
| 250 | _a7th ed. | ||
| 260 |
_c1998 _bMassachusetts : Addison-Wesley, |
||
| 300 | _axvii+888 | ||
| 650 | _aOperating systems | ||
| 942 | _cAA | ||
| 999 |
_c165786 _d165786 |
||